000 01151nam a2200313 a 4500
001 000116235
003 CHAP
005 20220329144606.0
008 191010s2019 mx a |sm |||||||spa d
010 _a112696
011 _a113668
040 _cCHAP
090 _aTesis
100 1 _aArzate Ramírez, Marco Antonio.
_9125896
245 1 0 _aComportamiento sexual y calidad seminal de tres genotipos de conejos durante el otoño
_h[En línea]
_cpor Marco Antonio Arzate Ramírez.
260 _aChapingo, Méx. :
_bEl autor,
_c2019.
500 _aPara ver el contenido del material haga clic en la liga
502 _aTesis (M.C. en Inovación Ganadera) -- UACH. Departamento de Enseñanza, Investigación y Servicio en Zootecnia
590 _aE6339RRR
_b05
_c20191010
_lUCH01
_h1147
590 _aE6339RRR
_b05
_c20191010
_lUCH01
_h1147
650 1 4 _aConejos
_xHábitos y conducta.
_926368
650 1 4 _aConejos
_xInseminación.
_9125898
650 1 4 _aConejos
_xSemen.
_926379
650 1 4 _aSemen
_xCalidad.
_9135121
856 _aFinding aid
_uhttp://10.13.5.2/tesis/sist116235.pdf
_zTeclea aquí
901 _aBK
942 _cTESIS
942 _n0
999 _c112696
_d112696